000 00247nam a2200109Ia 4500
008 190911s9999||||xx |||||||||||||| ||und||
100 _aGruska, Jozef
245 0 _aFoundation of Computing
260 _aUSA
_bCRC
_c1997
300 _a716
942 _cBK
999 _c6640
_d6640